00378nam a2200133Ia 4500008004100000020002200041040002900063050002800092100002600120245003300146260003800179942001000217999001700227230222s9999||||xx |||||||||||||| ||und|| a978-0-7020-6740-2 cChuka University Library aSBL RT 98 bB373 2016 V aWILLIAM M DRAKE97820 0aHUTCHISON'S CLINICAL METHODS aELSEVIERbEDINBURGH, LONDONc2016 cBK02 c12930d12930